Представление документа в формате RUSMARC

ПолеНазваниеЗначение
  Тип записи a
  Библиографический уровень a
001 Контрольный номер RU/CBS_Ul/BASE/532801055
005 Дата корректировки 20240209175207.6
100 Данные общей обработки __
a Данные общей обработки 20161118d2016 ||| 0rusy0189 ca
101 Язык документа 0_
a Язык текста rus
102 Страна публикации __
a Страна публикации RU
105 Кодированные данные (монография) __
a Кодированные данные (монография) y###||||000|y
200 Заглавие и сведения об ответственности 1_
a Заглавие За "Гранью"
b Общее обозначение материала Текст
e Сведения, относящиеся к заглавию [сектантский центр реабилитации и социальной адаптации наркозависимых и алкоголезависимых людей "Грань"]
f Первые сведения об ответственности И. Чечурина
300 Общие примечания __
a Общие примечания Ограничения по возрасту - 12+
461 Уровень набора _0
1 2000
a Сельская новь
463 Уровень физической единицы _0
1 001RU/CBS_Ul/BASE/532698678
1 2000
a № 11
v С. 24-31 : фото
1 210
d 2016
600 Персоналии _0
a Персоналии (Фамилия) Пеунова
b Персоналии (Имя, инициалы) С.
606 Тематические рубрики 0_
a Основная рубрика Секты религиозные - Россия
y Географическая подрубрика Тольятти, город (Самарская область)
610 Ключевые слова 0_
a Ключевые слова секты
a Ключевые слова сектантские лечебницы
a Ключевые слова Посольство Благословенного Царства Божьего (секты)
a Ключевые слова реабилитационные центры
a Ключевые слова наркозависимые люди
a Ключевые слова наркоманы
a Ключевые слова алкозависимые люди
a Ключевые слова алкоголики
a Ключевые слова Грань (реабилитационные центры)
686 Индексы других классификаций __
a Классификационный индекс 86.39
2 Код системы ББК
700 Автор _1
a Фамилия Чечурина
b Имя (инициалы) И.
801 Источник записи _0
a Страна RU
b Организация МБУК ЦБС г. Ульяновска
c Дата составления 20161118
g Правила каталогизации RCR
801 Источник записи _1
a Страна RU
b Организация МБУК ЦБС г. Ульяновска
c Дата составления 20161118
g Правила каталогизации RCR
901 Тип документа __
t Тип документа b
w Контрольный № источника RU/CBS_Ul/BASE/532698678
910 Корректоры записи __
a Корректор записи Библиотека 2
938 Служебная информация __
a Имя БД period